<?xml version="1.0" encoding="UTF-8"?>
<record
    xmlns:xsi="http://www.w3.org/2001/XMLSchema-instance"
    xsi:schemaLocation="http://www.loc.gov/MARC21/slim http://www.loc.gov/standards/marcxml/schema/MARC21slim.xsd"
    xmlns="http://www.loc.gov/MARC21/slim">

  <leader>00917nam a22001577a 4500</leader>
  <controlfield tag="003">OSt</controlfield>
  <controlfield tag="005">20151106111918.0</controlfield>
  <controlfield tag="008">151106b        xxu||||| |||| 00| 0 eng d</controlfield>
  <datafield tag="040" ind1=" " ind2=" ">
    <subfield code="c">RUA </subfield>
  </datafield>
  <datafield tag="082" ind1=" " ind2=" ">
    <subfield code="a">FOR NGE 2002 B128 Or.1</subfield>
  </datafield>
  <datafield tag="100" ind1=" " ind2=" ">
    <subfield code="9">3443</subfield>
    <subfield code="a">NGEAP, CHHAY.</subfield>
  </datafield>
  <datafield tag="245" ind1=" " ind2=" ">
    <subfield code="a">Study on experiment of afzelia xylocapa and dipterocapus alatus growth by applying chemical and organic fertilizer nursery, faculty of forestry science (&#x1780;&#x17B6;&#x179A;&#x179F;&#x17B7;&#x1780;&#x17D2;&#x179F;&#x17B6;&#x1796;&#x17B7;&#x179F;&#x17C4;&#x1792;&#x1793;&#x17CF;&#x1796;&#x17B8;&#x178A;&#x17C6;&#x178E;&#x17BE;&#x179A;&#x1780;&#x17B6;&#x179A;&#x179B;&#x17BC;&#x178F;&#x179B;&#x17B6;&#x179F;&#x17CB;&#x179A;&#x1794;&#x179F;&#x17CB;&#x1794;&#x17D2;&#x179A;&#x1797;&#x17C1;&#x1791;&#x1788;&#x17BE;&#x1794;&#x17C1;&#x1784;&#x1793;&#x17B7;&#x1784;&#x1788;&#x17BE;&#x1791;&#x17B6;&#x179B;&#x1791;&#x17B9;&#x1780;&#x178A;&#x17C4;&#x1799;&#x1794;&#x17D2;&#x179A;&#x17BE;&#x1787;&#x17B8;&#x1782;&#x17B8;&#x1798;&#x17B8;&#x1793;&#x17B7;&#x1784;&#x1787;&#x17B8;&#x1792;&#x1798;&#x17D2;&#x1798;&#x1787;&#x17B6;&#x178F;&#x17B7;&#x1793;&#x17C5;&#x1790;&#x17D2;&#x1793;&#x17B6;&#x179B;&#x1794;&#x178E;&#x17D2;&#x178A;&#x17BB;&#x17C7;&#x1780;&#x17BC;&#x1793;&#x1788;&#x17BE;&#x1798;&#x17A0;&#x17B6;&#x179C;&#x17B7;&#x1791;&#x17D2;&#x1799;&#x17B6;&#x179B;&#x17D0;&#x1799;&#x179C;&#x17B7;&#x1791;&#x17D2;&#x1799;&#x17B6;&#x179F;&#x17B6;&#x179F;&#x17D2;&#x179A;&#x17D2;&#x178F;&#x1796;&#x17D2;&#x179A;&#x17C3;&#x1788;&#x17BE;)</subfield>
  </datafield>
  <datafield tag="260" ind1=" " ind2=" ">
    <subfield code="a">Phnom Penh</subfield>
    <subfield code="b">RUA</subfield>
    <subfield code="c">2002</subfield>
  </datafield>
  <datafield tag="300" ind1=" " ind2=" ">
    <subfield code="a">67p.</subfield>
    <subfield code="b">ill.</subfield>
    <subfield code="c">29cm.</subfield>
  </datafield>
  <datafield tag="942" ind1=" " ind2=" ">
    <subfield code="2">ddc</subfield>
    <subfield code="c">FOR</subfield>
  </datafield>
  <datafield tag="999" ind1=" " ind2=" ">
    <subfield code="c">3213</subfield>
    <subfield code="d">3213</subfield>
  </datafield>
  <datafield tag="952" ind1=" " ind2=" ">
    <subfield code="0">0</subfield>
    <subfield code="1">0</subfield>
    <subfield code="2">ddc</subfield>
    <subfield code="4">0</subfield>
    <subfield code="6">FOR_NGE_2002_000000000000000_B128_OR_1</subfield>
    <subfield code="7">0</subfield>
    <subfield code="9">15080</subfield>
    <subfield code="a">LBB</subfield>
    <subfield code="b">LBB</subfield>
    <subfield code="c">B128</subfield>
    <subfield code="d">2015-11-06</subfield>
    <subfield code="o">FOR NGE 2002 B128 Or.1</subfield>
    <subfield code="p">RUA028359</subfield>
    <subfield code="r">2015-11-06</subfield>
    <subfield code="w">2015-11-06</subfield>
    <subfield code="y">FOR</subfield>
  </datafield>
  <datafield tag="952" ind1=" " ind2=" ">
    <subfield code="0">0</subfield>
    <subfield code="1">0</subfield>
    <subfield code="2">ddc</subfield>
    <subfield code="4">0</subfield>
    <subfield code="6">FOR_NGE_2002_000000000000000_B128_OR_2</subfield>
    <subfield code="7">0</subfield>
    <subfield code="9">15081</subfield>
    <subfield code="a">LBB</subfield>
    <subfield code="b">LBB</subfield>
    <subfield code="c">B128</subfield>
    <subfield code="d">2015-11-06</subfield>
    <subfield code="o">FOR NGE 2002 B128 Or.2</subfield>
    <subfield code="p">RUA028431</subfield>
    <subfield code="r">2015-11-06</subfield>
    <subfield code="w">2015-11-06</subfield>
    <subfield code="y">FOR</subfield>
  </datafield>
  <datafield tag="952" ind1=" " ind2=" ">
    <subfield code="0">0</subfield>
    <subfield code="1">0</subfield>
    <subfield code="2">ddc</subfield>
    <subfield code="4">0</subfield>
    <subfield code="6">FOR_NGE_2002_000000000000000_B128_OR_3</subfield>
    <subfield code="7">0</subfield>
    <subfield code="9">15082</subfield>
    <subfield code="a">LBB</subfield>
    <subfield code="b">LBB</subfield>
    <subfield code="c">B128</subfield>
    <subfield code="d">2015-11-06</subfield>
    <subfield code="o">FOR NGE 2002 B128 Or.3</subfield>
    <subfield code="p">RUA028287</subfield>
    <subfield code="r">2015-11-06</subfield>
    <subfield code="w">2015-11-06</subfield>
    <subfield code="y">FOR</subfield>
  </datafield>
  <datafield tag="952" ind1=" " ind2=" ">
    <subfield code="0">0</subfield>
    <subfield code="1">0</subfield>
    <subfield code="2">ddc</subfield>
    <subfield code="4">0</subfield>
    <subfield code="6">FOR_NGE_2002_000000000000000_B128_OR_4</subfield>
    <subfield code="7">0</subfield>
    <subfield code="9">15083</subfield>
    <subfield code="a">LBB</subfield>
    <subfield code="b">LBB</subfield>
    <subfield code="c">B128</subfield>
    <subfield code="d">2015-11-06</subfield>
    <subfield code="l">1</subfield>
    <subfield code="o">FOR NGE 2002 B128 Or.4</subfield>
    <subfield code="p">RUA028933</subfield>
    <subfield code="r">2019-02-27</subfield>
    <subfield code="s">2019-02-11</subfield>
    <subfield code="w">2015-11-06</subfield>
    <subfield code="y">FOR</subfield>
  </datafield>
  <datafield tag="952" ind1=" " ind2=" ">
    <subfield code="0">0</subfield>
    <subfield code="1">0</subfield>
    <subfield code="2">ddc</subfield>
    <subfield code="4">0</subfield>
    <subfield code="6">FOR_NGE_2002_000000000000000_B128_OR_5</subfield>
    <subfield code="7">0</subfield>
    <subfield code="9">15084</subfield>
    <subfield code="a">LBB</subfield>
    <subfield code="b">LBB</subfield>
    <subfield code="c">B128</subfield>
    <subfield code="d">2015-11-06</subfield>
    <subfield code="o">FOR NGE 2002 B128 Or.5</subfield>
    <subfield code="p">RUA028934</subfield>
    <subfield code="r">2015-11-06</subfield>
    <subfield code="w">2015-11-06</subfield>
    <subfield code="y">FOR</subfield>
  </datafield>
</record>
